Представление документа в формате MARC21

Поле Инд. ПП Название Значение
Тип записи a
Библиографический уровень a
001 Контрольный номер 2bca0b91e8674cf2ad981a6f48542d2b
005 Дата корректировки 20220919082935.8
020 a ISBN 5-230-07805-7
040 a Служба первич. каталог. RU-RKP
b Код языка каталог. rus
e Правила каталог. PSBO
041 0_ a Код языка текста rus
097 b Оператор Komarova.ES
100 1_ a Автор Трущенков С. Э.
245 10 a Заглавие О средообразующей роли туи гигансткой в насаждении
260 a Место издания Тверь
b Издательство Тверской государственный университет
504 a Библиография Библиогр.: с. 68 (4 назв.)
520 0_ a Аннотация Статья посвящена средообразующей роли туи гигансткой в насаждении.
653 0_ a Ключевые слова Туи
a Ключевые слова Насаждения
a Ключевые слова Нектар пчел
a Ключевые слова Кормовая база
a Ключевые слова Растения
773 18 w Контрольный № источника 63809cbf-2cfd-421f-b12c-9cde3edccf66
t Название источника Флора и растительность южной тайги
d Место и дата издания Тверь : Тверской государственный университет, 1991
g Прочая информация С. 65-68
901 t Тип документа a
920 a Оператор Кома
954 b Дата поступления в ОК 20220919